000 00503nam a2200169Ia 4500
008 230917s9999||||xx |||||||||||||| ||und||
020 _cGBP 44.99 (RS 4521.94)
040 _e5000454
_aMAIN
041 _aEnglish
082 _a387.70684 S23A
100 _aSamunderu, Eyden
245 0 _aAir transport management: Strategic management in the airline industry
260 _aLondon
_bKogan Page
_c2020
300 _axii, 372 p.
500 _a4476 22/01/2022 HBD22/9236 28/01/2022 IHTM (SFS)
942 _cBK
999 _c5073
_d5073